[Event "PCA/Intel-GP"]
[Site "New York"]
[Date "1995.??.??"]
[Round "1"]
[White "Hjartarson, Johann"]
[Black "Ivanchuk, Vassily"]
[Result "1/2-1/2"]
[WhiteElo "2590"]
[BlackElo "2700"]

1.e4 c5 2.Nc3 e6 3.g3 Nc6 4.Bg2 Nf6 5.Nge2 Be7 6.O-O O-O 7.d4 cxd4 8.Nxd4 d6
9.Re1 Bd7 10.Nb3 Qc7 11.f4 b5 12.Kh1 Rab8 13.a3 a5 14.Be3 Rfc8 15.g4 h6 16.h4 b4
17.axb4 axb4 18.Na4 e5 19.f5 Nh7 20.Bf2 Qd8 21.Re2 Bxh4 22.Qxd6 Bxf2 23.Rxf2 Qh4+
24.Kg1 Nf6 25.Nac5 Be8 26.Nd3 Rd8 27.Qc5 Rbc8 28.Qb6 Nxg4 29.Rf3 Nd4 30.Nxd4 Rxd4
31.Rh3 Qg5 32.Rg3 Rxc2 33.Ne1 Rc1 34.Rxc1 Qxc1 35.Rxg4 h5 36.Rg3 Qxe1+ 37.Kh2 Qf2
38.Qb8 Kf8 39.Qxe5 f6 40.Qc5+ Kf7 41.Qa7+ Bd7 42.Qa2+ Kf8 43.Qa8+ Kf7 44.Qh8 Qf4
45.Qxg7+ Ke8 46.Qg6+ Ke7 47.Kh3 Qe5 48.Qxh5 Be8 49.Qh7+ Bf7 50.Bf3 Rd3 51.Qh6 Qxb2
52.Qf4 Qe5 53.Qc1 b3 54.Qa3+ Rd6 55.Bd1 Qxe4 56.Qa7+ Rd7 57.Qe3 Qxe3 58.Rxe3+ Kf8
59.Bxb3  1/2-1/2

[Event "PCA/Intel-GP"]
[Site "New York"]
[Date "1995.??.??"]
[Round "1"]
[White "Ivanchuk, Vassily"]
[Black "Hjartarson, Johann"]
[Result "1-0"]
[WhiteElo "2700"]
[BlackElo "2590"]

1.e4 e5 2.Nf3 Nc6 3.Bb5 a6 4.Ba4 Nf6 5.O-O Nxe4 6.d4 b5 7.Bb3 d5 8.dxe5 Be6
9.c3 Nc5 10.Bc2 Bg4 11.Nbd2 Be7 12.Re1 O-O 13.Nf1 Bh5 14.Be3 Bg6 15.Ng3 Qd7
16.h4 Rad8 17.h5 Bxc2 18.Qxc2 Ne6 19.Rad1 f5 20.Nxf5 Qe8 21.g4 Na5 22.Kg2 c5
23.Bc1 Nc6 24.Rh1 Rf7 25.a4 Bf8 26.axb5 axb5 27.Ng5 Nxg5 28.Bxg5 Rdd7 29.f4 h6
30.Bh4 Qe6 31.Bf2 b4 32.Rhe1 Kh8 33.Kg3 bxc3 34.bxc3 Na5 35.Nh4 Rfe7 36.Ng6+ Kg8
37.f5 Qc6 38.e6 Rd8 39.Nxe7+ Bxe7 40.Ra1 Nc4 41.Qa4 Qd6+ 42.Kf3 Nd2+ 43.Kg2 d4
44.cxd4 Qd5+ 45.Kh3 c4 46.Re3 Ne4 47.Qc2 Ng5+ 48.Kh2 Bd6+ 49.Bg3 Qxd4 50.Rae1 Nf3+
51.Rxf3 Qxg4 52.Ree3 Qxh5+ 53.Kg2 Bc5 54.e7 Re8 55.Qxc4+ Kh7 56.Qxc5 Qf7
57.Qc2 Kh8 58.f6 g6 59.Qb3 Kg8 60.Bd6 h5 61.Rg3 Qxb3 62.Rxb3 Kf7 63.Rb8 Rxb8
64.Bxb8 Ke8 65.Re3  1-0

[Event "PCA/Intel-GP"]
[Site "Paris"]
[Date "1995.??.??"]
[Round "1"]
[White "Vaisser, Anatoli"]
[Black "Ivanchuk, Vassily"]
[Result "0-1"]
[WhiteElo "2555"]
[BlackElo "2740"]

1.d4 d6 2.e4 g6 3.c4 Bg7 4.Nc3 e5 5.dxe5 dxe5 6.Qxd8+ Kxd8 7.f4 Nc6 8.Nf3 Nd4
9.Bd3 Nxf3+ 10.gxf3 c6 11.c5 Ne7 12.h4 Kc7 13.h5 Be6 14.Be3 Bh6 15.Ne2 Rad8
16.O-O-O Bxa2 17.Kc2 Be6 18.hxg6 hxg6 19.Rxh6 Rxh6 20.f5 Rh3 21.Bg5 Rxd3
22.fxe6 Rxd1 23.Kxd1 f6 24.Bxf6 Kd8 25.Bxe5 Rxf3 26.Kd2 Ke8 27.Bd6 Ng8 28.Nd4 Rf2+
29.Ne2 Nf6 30.Ke3 Ng4+ 31.Kd2 a5 32.e5 a4 33.e7 Nh6 34.Ke3 Rh2 35.Nc3 Nf5+
36.Kf4 Rxb2 37.Kg5 a3 38.Ne4 Rg2+ 39.Kf4 Rf2+ 40.Nxf2 a2 41.Ne4 Nxe7 42.Nf6+ Kd8  0-1

[Event "Donner mem"]
[Site "Amsterdam"]
[Date "1996.??.??"]
[Round "1"]
[White "Ivanchuk, Vassily"]
[Black "Hodgson, Julian M"]
[Result "1-0"]
[WhiteElo "2730"]
[BlackElo "2550"]

1.e4 c5 2.Nf3 d6 3.d4 cxd4 4.Nxd4 Nf6 5.Nc3 g6 6.Be3 Bg7 7.f3 O-O 8.Qd2 Nc6
9.O-O-O d5 10.exd5 Nxd5 11.Nxc6 bxc6 12.Nxd5 cxd5 13.Qxd5 Qc7 14.Qc5 Qb8
15.b3 Bf5 16.Bd3 Rc8 17.Qa5 Rc3 18.Bxf5 Rxe3 19.Be4 Qf4 20.Bxa8 Rxb3+ 21.Rd2 Rb8
22.Bd5 Bh6 23.Rd1 Qd4 24.c3 Qd3 25.Bb3 Rd8 26.c4 e5 27.c5 e4 28.fxe4  1-0

[Event "Donner mem"]
[Site "Amsterdam"]
[Date "1996.??.??"]
[Round "5"]
[White "Ivanchuk, Vassily"]
[Black "Van Wely, Loek"]
[Result "1/2-1/2"]
[WhiteElo "2730"]
[BlackElo "2605"]

1.c4 g6 2.d4 Nf6 3.Nc3 Bg7 4.e4 d6 5.Nf3 O-O 6.Be2 e5 7.O-O Nc6 8.d5 Ne7
9.Nd2 a5 10.a3 Nd7 11.Rb1 f5 12.b4 Kh8 13.Qc2 Ng8 14.exf5 gxf5 15.f4 exf4
16.Nf3 Ndf6 17.Bd3 axb4 18.axb4 Ne7 19.Ne2 Ng6 20.Nxf4 Nxf4 21.Bxf4 Ne4 22.Bc1 Bd7
23.Bb2 Qe7 24.Rbe1 Rae8 25.Re2 c6 26.dxc6 bxc6 27.Ra1 d5 28.cxd5 cxd5 29.Bxg7+ Qxg7
30.Qb2 Nc3 31.Rxe8 Rxe8 32.Kf1 Bb5 33.Bxb5 Nxb5 34.Qxg7+ Kxg7 35.Ra5 Rb8
36.Ke2 Rb6 37.Ne5 Re6 38.Rxb5 Rxe5+ 39.Kf3 Kf6 40.Rb6+ Kg5 41.Rd6 Re4 42.b5 d4
43.Kf2 Re5 44.h4+ Kh5 45.b6 Rb5 46.g3 Rb3 47.Rxd4 Rxb6 48.Kf3 Kg6 49.Kf4 Kf6  1/2-1/2

[Event "Donner mem"]
[Site "Amsterdam"]
[Date "1996.??.??"]
[Round "7"]
[White "Ivanchuk, Vassily"]
[Black "Sokolov, Ivan"]
[Result "1-0"]
[WhiteElo "2730"]
[BlackElo "2670"]

1.e4 e5 2.Nf3 Nc6 3.Bb5 a6 4.Ba4 Nf6 5.O-O Be7 6.Re1 b5 7.Bb3 O-O 8.c3 d5
9.exd5 Nxd5 10.Nxe5 Nxe5 11.Rxe5 c6 12.d3 Bd6 13.Re1 Qh4 14.g3 Qh3 15.Re4 Qd7
16.Nd2 Bb7 17.Qf1 c5 18.Re1 Kh8 19.a4 f5 20.axb5 axb5 21.Rxa8 Bxa8 22.Bd1 g5
23.Nf3 g4 24.Ne5 Qb7 25.f3 Kg7 26.Qf2 Qc7 27.Qd2 Bxe5 28.Qh6+ Kf7 29.Qxh7+ Bg7
30.Bh6 Rg8 31.Bxg7 Rxg7 32.Qxf5+ Nf6 33.Bb3+ c4 34.dxc4 bxc4 35.Qe6+ Kg6
36.Bc2+ Kh5 37.Re5+  1-0

[Event "Amber-rapid 5th"]
[Site "Monte Carlo"]
[Date "1996.??.??"]
[Round "1"]
[White "Lautier, Joel"]
[Black "Ivanchuk, Vassily"]
[Result "1/2-1/2"]
[WhiteElo "2630"]
[BlackElo "2735"]

1.d4 Nf6 2.c4 g6 3.Nc3 Bg7 4.e4 d6 5.f3 O-O 6.Bg5 Nc6 7.Nge2 a6 8.Qd2 Bd7
9.h4 h5 10.O-O-O b5 11.Nd5 bxc4 12.Nec3 Nh7 13.Be3 e6 14.Nf4 e5 15.dxe5 Nxe5
16.Nfd5 Rb8 17.Bh6 Bxh6 18.Qxh6 c6 19.Ne3 Be6 20.Be2 Qa5 21.Rd2 Nd3+ 22.Bxd3 cxd3
23.Rxd3 Bxa2 24.g4 Be6 25.Kb1 hxg4 26.h5 g5 27.Nxg4 Rb3 28.Nf6+ Nxf6 29.Qxf6 Rfb8
30.Rh2 Qe5 31.Qxe5 dxe5 32.Rg2 Kh7 33.Kc1 Kh6 34.Rd6 Rc8 35.Rh2 a5 36.Kc2 Rcb8
37.Kc1 Rc8 38.Kc2 Rb4 39.Nd1 g4 40.fxg4 Rxe4 41.Nf2 Rc4+ 42.Kd3 Rf4 43.Rg2 Rb8
44.Ne4 Rb3+ 45.Nc3 a4 46.Rxc6 Kg5 47.Re2 Bxg4 48.Rxe5+ Bf5+ 49.Ke3 Rf1 50.h6 Re1+
51.Kd4 Rb4+ 52.Kc5 Rxe5+ 53.Kxb4 Bg6 54.Kxa4 Kxh6 55.b4 Kg5 56.b5 Be4 57.Rc5 Bc2+
58.Kb4 Rxc5 59.Kxc5 Bd3 60.b6 Ba6 61.Kc6 f5 62.Nd5 f4 63.Nxf4  1/2-1/2

[Event "Amber-blind 5th"]
[Site "Monte Carlo"]
[Date "1996.??.??"]
[Round "1"]
[White "Ivanchuk, Vassily"]
[Black "Lautier, Joel"]
[Result "1/2-1/2"]
[WhiteElo "2735"]
[BlackElo "2630"]

1.c4 c5 2.Nf3 Nf6 3.Nc3 Nc6 4.d4 cxd4 5.Nxd4 e6 6.Bf4 Bb4 7.Nb5 O-O 8.Bc7 Qe7
9.Bd6 Bxd6 10.Qxd6 Qd8 11.e3 Qa5 12.Qd2 d5 13.cxd5 exd5 14.Be2 a6 15.Nd4 Nxd4
16.Qxd4 Be6 17.O-O Rac8 18.Rfd1 Rfd8 19.h3 h6 20.a3 Qc7 21.Bf3 Qb8 22.Be2 Re8
23.Rac1 Rc6 24.Na4 Rec8 25.Rxc6 Rxc6 26.Nc5 Qc7 27.b4 a5 28.Bb5 Rb6 29.a4 axb4
30.Qxb4 Bc8 31.Qd4 Be6 32.Rd3 Qe7 33.Rc3 Rd6 34.a5 Bf5 35.Bf1 Rc6 36.Na4 Qc7
37.Rxc6 Qxc6 38.Nc3 Be6 39.Bd3 Qc7 40.Qb4 Nd7 41.f4 d4 42.Qxd4 Qxa5 43.Kh2 Qc5
44.Qxc5  1/2-1/2

[Event "Amber-rapid 5th"]
[Site "Monte Carlo"]
[Date "1996.??.??"]
[Round "3"]
[White "Anand, Viswanathan"]
[Black "Ivanchuk, Vassily"]
[Result "1/2-1/2"]
[WhiteElo "2725"]
[BlackElo "2735"]

1.e4 e5 2.Nf3 d6 3.Bc4 c6 4.d4 Nd7 5.O-O Be7 6.dxe5 dxe5 7.Ng5 Bxg5 8.Qh5 Qe7
9.Qxg5 Qxg5 10.Bxg5 Nc5 11.f3 Be6 12.Be2 Nf6 13.Nd2 Nfd7 14.Nc4 f6 15.Be3 Bxc4
16.Bxc4 Ke7 17.Rfd1 Rhd8 18.a4 a5 19.b3 b6 20.Kf2 Nb7 21.h4 Ndc5 22.Bf1 h5
23.Ke1 g6 24.g3 Rd6 25.Bh3 Rad8 26.Rdb1 Ra8 27.Rd1 Rad8 28.Rxd6 Nxd6 29.Ke2 Rb8
30.Rd1 Ne6 31.c3 b5 32.Ra1 bxa4 33.Rxa4 Rxb3 34.Rxa5 Nb5 35.Kd2 Kd6 36.Bf1 Na3
37.Bd3 Nb1+ 38.Bxb1 Rxb1 39.Ra7 Rb2+ 40.Ke1 Rb1+ 41.Ke2 Rb2+ 42.Ke1 Rb1+  1/2-1/2

[Event "Amber-blind 5th"]
[Site "Monte Carlo"]
[Date "1996.??.??"]
[Round "4"]
[White "Karpov, Anatoly"]
[Black "Ivanchuk, Vassily"]
[Result "1/2-1/2"]
[WhiteElo "2770"]
[BlackElo "2735"]

1.d4 Nf6 2.c4 g6 3.g3 Bg7 4.Bg2 O-O 5.Nc3 d6 6.Nf3 Nc6 7.O-O a6 8.d5 Na5
9.Nd2 c5 10.Rb1 Rb8 11.b3 b5 12.Qc2 e6 13.Bb2 e5 14.a3 bxc4 15.bxc4 Qc7 16.Ba1 Bd7
17.Rxb8 Rxb8 18.Rb1 Ne8 19.Rxb8 Qxb8 20.e4 Bh6 21.Ncb1 f6 22.Bc3 Qb6 23.Bf1 Kf7
24.Bd3 Ke7 25.Qd1 Nb7 26.Nf1 Nd8 27.Nbd2 Nf7 28.Bc2 f5 29.exf5 gxf5 30.Qe2 Kf8
31.Ne3 Ng7 32.Ng2 Qd8 33.f4 Qe7 34.Nf3 exf4 35.Qxe7+ Kxe7 36.gxf4 Nh5 37.Nfh4 Nxf4
38.Nxf4 Bxf4 39.Nxf5+ Bxf5 40.Bxf5 Ne5  1/2-1/2

[Event "Amber-rapid 5th"]
[Site "Monte Carlo"]
[Date "1996.??.??"]
[Round "4"]
[White "Ivanchuk, Vassily"]
[Black "Karpov, Anatoly"]
[Result "1-0"]
[WhiteElo "2735"]
[BlackElo "2770"]

1.e4 c6 2.d4 d5 3.Nc3 dxe4 4.Nxe4 Nd7 5.Ng5 Ngf6 6.Bd3 e6 7.N1f3 Bd6 8.Qe2 h6
9.Ne4 Nxe4 10.Qxe4 Nf6 11.Qe2 Qc7 12.Bd2 b6 13.O-O-O Bb7 14.Ne5 c5 15.Bb5+ Ke7
16.dxc5 Qxc5 17.a3 a5 18.Bc3 Bd5 19.Rhe1 Rhc8 20.f3 Kf8 21.Kb1 Qc7 22.Bd4 Rd8
23.Qf2 Bc5 24.Bxc5+ Qxc5 25.Qxc5+ bxc5 26.c4 Bb7 27.Kc2 g5 28.Rxd8+ Rxd8
29.Nd3 Rc8 30.Kb3 g4 31.Re3 Ke7 32.Ka4 gxf3 33.gxf3 Nd7 34.f4 f6 35.Rg3 Bc6
36.Bxc6 Rxc6 37.Kxa5 Rc8 38.Ka4 Kd6 39.Kb3 e5 40.fxe5+ Nxe5 41.Kc3 h5 42.Rh3 Rh8
43.b4 cxb4+ 44.axb4 f5 45.b5 Ng4 46.Kb4 h4 47.c5+ Kd5 48.b6 Kd4 49.c6 Ne3
50.Rxe3 Kxe3 51.c7  1-0

[Event "Amber-rapid 5th"]
[Site "Monte Carlo"]
[Date "1996.??.??"]
[Round "8"]
[White "Ivanchuk, Vassily"]
[Black "Shirov, Alexei"]
[Result "1-0"]
[WhiteElo "2735"]
[BlackElo "2690"]

1.e4 c5 2.Nf3 e6 3.d4 cxd4 4.Nxd4 a6 5.Bd3 g6 6.b3 Bg7 7.Bb2 Nf6 8.O-O O-O
9.Nd2 Nh5 10.Re1 b6 11.Nc4 Bb7 12.Nd6 Qc7 13.e5 Nf4 14.Be4 Bxe4 15.Rxe4 Nd5
16.c4 f5 17.Re1 Ne7 18.Nf3 Nbc6 19.Qd2 b5 20.h4 bxc4 21.bxc4 Rab8 22.Bc3 Nc8
23.Rad1 Nxd6 24.exd6 Qd8 25.Rb1 Rxb1 26.Rxb1 Bxc3 27.Qxc3 Qa5 28.Qe3 e5 29.Qh6 Qxa2
30.Rb7 Qxc4 31.Rxd7 Rf7 32.Nxe5 Qc1+ 33.Qxc1  1-0

[Event "Amber-rapid 5th"]
[Site "Monte Carlo"]
[Date "1996.??.??"]
[Round "10"]
[White "Ivanchuk, Vassily"]
[Black "Ljubojevic, Ljubomir"]
[Result "1-0"]
[WhiteElo "2735"]
[BlackElo "2600"]

1.e4 e6 2.d4 d5 3.Nd2 c5 4.exd5 exd5 5.Ngf3 Nc6 6.Bb5 Bd6 7.dxc5 Bxc5 8.Nb3 Bd6
9.O-O Ne7 10.Re1 O-O 11.Bg5 Qc7 12.c3 Bg4 13.h3 Bh5 14.Be2 Bg6 15.Nbd4 a6
16.Bd3 Rfe8 17.Bxg6 hxg6 18.Qd3 Qb6 19.Nb3 Qc7 20.Rad1 Rad8 21.Nbd4 Ne5 22.Nxe5 Bxe5
23.Nf3 Bf6 24.Re2 Rf8 25.Bxf6 gxf6 26.h4 Kg7 27.h5 Rh8 28.Rde1 Rd7 29.hxg6 Nxg6
30.g3 Rh5 31.Nd4 Ne5 32.Qd1 Rd8 33.f4 Rdh8 34.fxe5 fxe5 35.Nf3 e4 36.Nh4 Kf8
37.Rg2 Rg5 38.Qd4 Rhg8 39.Re3 b5 40.Qf6 Ke8 41.Kf2 Qc8 42.Ke1 Qc5 43.Kd2 Qc8
44.Rf2 Qe6 45.Qf4 Re5 46.Nf5 Rg6 47.a3 Qf6 48.Nd4 Qxf4 49.gxf4 Rh5 50.Kc2 Kd7
51.Kb3 Kc7 52.a4 bxa4+ 53.Kxa4 Kb6 54.Nc2 Rg4 55.Re1 Rg3 56.Rd2 Kc5 57.Nb4 a5
58.Kxa5 Rf3 59.Red1 Kc4 60.Ka4 e3 61.b3+ Kc5 62.Rxd5+ Rxd5 63.Rxd5+ Kb6 64.Re5 Rxf4
65.Rxe3 Kc5 66.c4 Rf1 67.Nc2 Rf2 68.Re5+ Kd6 69.Rd5+  1-0

[Event "Amber-rapid 5th"]
[Site "Monte Carlo"]
[Date "1996.??.??"]
[Round "11"]
[White "Xie Jun"]
[Black "Ivanchuk, Vassily"]
[Result "0-1"]
[WhiteElo "2530"]
[BlackElo "2735"]

1.e4 e5 2.Nf3 Nc6 3.Bc4 Nf6 4.d3 Be7 5.O-O O-O 6.Re1 d6 7.c3 Na5 8.Bb5 a6
9.Ba4 b5 10.Bc2 c5 11.Nbd2 Re8 12.Nf1 h6 13.h3 Bf8 14.Ng3 Qc7 15.d4 Nc4 16.d5 g6
17.b3 Nb6 18.Be3 Bg7 19.Nh2 h5 20.Qd2 a5 21.Bh6 Bh8 22.Nf3 c4 23.b4 axb4
24.cxb4 Ra3 25.Ne2 Bxh3 26.gxh3 Rxf3 27.Kg2 Ra3 28.Nc3 Qd7 29.Kh2 Rea8 30.Rg1 Na4
31.Bxa4 R8xa4 32.Qb2 Nxe4  0-1

[Event "Amber-blind 5th"]
[Site "Monte Carlo"]
[Date "1996.??.??"]
[Round "11"]
[White "Ivanchuk, Vassily"]
[Black "Xie Jun"]
[Result "1-0"]
[WhiteElo "2735"]
[BlackElo "2530"]

1.e4 e5 2.Nf3 Nc6 3.Bb5 a6 4.Ba4 Nf6 5.O-O Be7 6.Re1 b5 7.Bb3 d6 8.c3 O-O
9.h3 Nd7 10.d4 Bf6 11.a4 Bb7 12.Na3 exd4 13.cxd4 Na5 14.Ba2 b4 15.Nc4 Nxc4
16.Bxc4 d5 17.exd5 Nb6 18.Bd3 Nxd5 19.Ne5 Ne7 20.Be3 Qd5 21.f3 Qd6 22.Qc2 g6
23.Rad1 Bh4 24.Bf2 Bxf2+ 25.Qxf2 Rad8 26.h4 Qxd4 27.Qxd4 Rxd4 28.Bc4 Rxd1
29.Rxd1 Nc6 30.Bxa6 Nxe5 31.Bxb7 Nc4 32.Rc1 Rb8 33.Rxc4 Rxb7 34.Kf2 Kf8 35.Ke3 Ke7
36.Re4+ Kd6 37.Kd4 c5+ 38.Kc4 b3 39.Kc3 Kc6 40.g4 Rd7 41.Rf4 Rb7 42.Rf6+ Kd5
43.a5 Ke5 44.g5 Rb4 45.a6 Rxh4 46.f4+ Kd5 47.a7 Rh3+ 48.Kd2 Rh2+ 49.Ke3  1-0

[Event "Tallinn rapid"]
[Site "Tallinn"]
[Date "1996.??.??"]
[Round "1"]
[White "Ivanchuk, Vassily"]
[Black "Rytshagov, Mikhail"]
[Result "1-0"]
[WhiteElo "2735"]
[BlackElo "2495"]

1.e4 c5 2.Nf3 e6 3.d4 cxd4 4.Nxd4 Nf6 5.Nc3 d6 6.f4 Be7 7.Be2 Nc6 8.O-O O-O
9.Kh1 Bd7 10.Nf3 Qc7 11.Bd3 Nb4 12.a3 Nxd3 13.cxd3 Bc6 14.b4 e5 15.Bb2 exf4
16.Qc1 Qd7 17.Nd4 a6 18.Qxf4 Rfe8 19.Nf5 Bf8 20.Ne2 Nh5 21.Qg5 g6 22.Nf4 Nxf4
23.Rxf4 Re6 24.Raf1 Rae8 25.Ne3 h6 26.Qg3 h5 27.Rf5 Bg7 28.Bxg7 Kxg7 29.Rxh5 Rh8
30.Nf5+ Kg8 31.Rxh8+ Kxh8 32.Qh4+ Kg8 33.Nh6+  1-0

[Event "Tallinn rapid"]
[Site "Tallinn"]
[Date "1996.??.??"]
[Round "4"]
[White "Shirov, Alexei"]
[Black "Ivanchuk, Vassily"]
[Result "1/2-1/2"]
[WhiteElo "2690"]
[BlackElo "2735"]

1.e4 c5 2.Nf3 e6 3.d4 cxd4 4.Nxd4 a6 5.Nc3 Qc7 6.Be2 Nf6 7.O-O Bb4 8.Qd3 Nc6
9.Bg5 h6 10.Bxf6 gxf6 11.Rad1 h5 12.Kh1 Nxd4 13.Qxd4 Be7 14.f4 b5 15.e5 f5
16.Nd5 exd5 17.e6 O-O 18.Rd3 h4 19.Rff3 Kh7 20.Rg3 hxg3 21.Rxg3 f6 22.Rh3+ Kg7
23.Rg3+  1/2-1/2

[Event "Tallinn rapid"]
[Site "Tallinn"]
[Date "1996.??.??"]
[Round "6"]
[White "Ivanchuk, Vassily"]
[Black "Maidla, Vallo"]
[Result "1-0"]
[WhiteElo "2735"]
[BlackElo "2370"]

1.e4 c5 2.Nf3 Nc6 3.d4 cxd4 4.Nxd4 e5 5.Nb5 d6 6.g3 Be6 7.Bg2 Be7 8.N1c3 Nf6
9.Nd5 O-O 10.O-O Qc8 11.a4 Qd7 12.Na3 Bh3 13.Bxh3 Qxh3 14.Be3 Rfd8 15.c3 h6
16.Qd3 Nxd5 17.Qxd5 Bg5 18.Rfe1 Rd7 19.Rad1 Ne7 20.Qb3 Bxe3 21.Rxe3 a6 22.Nc2 Qe6
23.Qxe6 fxe6 24.Red3 d5 25.Ne3 Rad8 26.Nc4 Ng6 27.a5 d4 28.Nb6 Rd6 29.h4 h5
30.Kf1 Kf7 31.Ke2 Ke7 32.b4 Nf8 33.Nc4 Rc6 34.Nxe5 Rxc3 35.Rxc3 dxc3 36.Rxd8 Kxd8
37.Kd3 Ke7 38.Kxc3 Kd6 39.Kd4  1-0

[Event "Tallinn rapid"]
[Site "Tallinn"]
[Date "1996.??.??"]
[Round "7"]
[White "Ehlvest, Jaan"]
[Black "Ivanchuk, Vassily"]
[Result "0-1"]
[WhiteElo "2660"]
[BlackElo "2735"]

1.e4 c5 2.Nf3 e6 3.d4 cxd4 4.Nxd4 a6 5.c4 Nf6 6.Nc3 Bb4 7.Bd3 Nc6 8.Ne2 d6
9.O-O Bc5 10.h3 h6 11.b3 O-O 12.Bb2 Bd7 13.Kh1 Ne5 14.Ng3 Nfg4 15.Kg1 Qh4
16.Nh1 Bc6 17.Bc2 Nf6 18.Re1 Nh5 19.Ne2 f5 20.exf5 Qg5 21.Neg3 Nxg3  0-1

[Event "Yerevan ol (Men)"]
[Site "Yerevan"]
[Date "1996.??.??"]
[Round "5"]
[White "Ivanchuk, Vassily"]
[Black "Galego, Luis"]
[Result "1-0"]
[WhiteElo "2730"]
[BlackElo "2435"]

1.d4 d6 2.Nf3 Bg4 3.c4 c6 4.Nc3 Nf6 5.e4 Nbd7 6.Be2 e5 7.Be3 Be7 8.O-O O-O
9.Rc1 Re8 10.d5 Bf8 11.b4 a5 12.dxc6 bxc6 13.b5 cxb5 14.cxb5 a4 15.Nd2 Bxe2
16.Qxe2 Qb8 17.Nc4 Rc8 18.Rfd1 Nc5 19.f3 a3 20.b6 Rc6 21.Nb5 Nfd7 22.Na7 Rxb6
23.Nxb6 Qxb6 24.Nb5 Ra5 25.Rb1 Qc6 26.Nc3 Na4 27.Nd5 Nb2 28.Rdc1 Nc5 29.Bd2 Ra7
30.Bb4 Qa8 31.Rc3 f5 32.Nb6 Qd8 33.Bxa3 Qxb6 34.Rxb2 Nb3+ 35.Kh1 Rxa3 36.Qc4+ Kh8
37.Qc8 Kg8 38.Qe6+ Kh8 39.Rc8  1-0

[Event "Yerevan ol (Men)"]
[Site "Yerevan"]
[Date "1996.??.??"]
[Round "10"]
[White "Ivanchuk, Vassily"]
[Black "Shirov, Alexei"]
[Result "1-0"]
[WhiteElo "2730"]
[BlackElo "2685"]

1.e4 g6 2.d4 Bg7 3.c4 d6 4.Nc3 Nf6 5.Nf3 O-O 6.Be2 e5 7.O-O exd4 8.Nxd4 Re8
9.f3 Nc6 10.Be3 Nh5 11.Qd2 Nf4 12.Rfd1 Nxe2+ 13.Ncxe2 Ne5 14.b3 c6 15.Rac1 Qc7
16.Nc3 b6 17.Nde2 Bf8 18.Bg5 Nd7 19.Bh6 Bxh6 20.Qxh6 Bb7 21.Qd2 Re6 22.Nd4 Ree8
23.Nde2 Re6 24.Nf4 Rf6 25.e5 Nxe5 26.Ne4 Rf5 27.Qe3 Nd7 28.Rxd6 Re8 29.Rcd1 Bc8
30.Ne2 Rfe5 31.Qh6 Rxe4 32.fxe4 b5 33.cxb5 cxb5 34.Qc1 Qd8 35.Qc6 Qg5 36.Ng3 h5
37.Rxd7 Bxd7 38.Qxd7  1-0

[Event "Yerevan ol (Men)"]
[Site "Yerevan"]
[Date "1996.??.??"]
[Round "12"]
[White "Zagrebelny, Sergey"]
[Black "Ivanchuk, Vassily"]
[Result "0-1"]
[WhiteElo "2480"]
[BlackElo "2730"]

1.e4 c5 2.Nf3 d6 3.d4 cxd4 4.Nxd4 Nf6 5.Nc3 Nc6 6.Be2 g6 7.O-O Bg7 8.Nb3 O-O
9.Re1 Be6 10.Bf1 Rc8 11.Nd5 Ne5 12.a4 Re8 13.a5 Bg4 14.f3 Bd7 15.c3 Nc4 16.Ne3 Ne5
17.Nd4 a6 18.Qb3 Qc7 19.Nd5 Nxd5 20.exd5 Nc4 21.Bg5 Nxa5 22.Qb4 Nc4 23.Bxe7 Be5
24.Bh4 Qb6 25.Bf2 Qxb4 26.cxb4 Kf8 27.Re2 Bf6 28.Rae1 Nxb2 29.b5 Rxe2 30.Bxe2 a5
31.Nc6 bxc6 32.dxc6 Bxc6 33.bxc6 Rxc6 34.Bb5 Rc8 35.Bg3 d5 36.Ra1 Kg7 37.Rxa5 Rc5
38.Bd6 Bd4+ 39.Kf1 Rc1+ 40.Ke2 Rc2+ 41.Kf1 Rf2+ 42.Ke1 Rxg2 43.Ra8 Nc4 44.Bg3 Bc3+  0-1

[Event "Dortmund"]
[Site "Dortmund"]
[Date "1997.07.07"]
[Round "4"]
[White "Ivanchuk, Vassily"]
[Black "Topalov, Veselin"]
[Result "1/2-1/2"]
[WhiteElo "2725"]
[BlackElo "2745"]

1.e4 c5 2.Nc3 d6 3.f4 g6 4.Nf3 Bg7 5.Bb5+ Bd7 6.a4 Nc6 7.O-O e6 8.Bxc6 Bxc6
9.d4 Nf6 10.d5 exd5 11.exd5 Bd7 12.Re1+ Kf8 13.b3 h6 14.Bb2 a6 15.a5 Kg8
16.Qd2 Bg4 17.Rf1 Kh7 18.Ne5 Re8 19.Nxg4 Nxg4 20.Na4 Bxb2 21.Nxb2 Qh4 22.g3 Qf6
23.Nc4 h5 24.Rae1 Nh6 25.Kg2 Nf5 26.Rf2 Nd4 27.Re3 Qf5 28.Kg1 Rxe3 29.Qxe3 Qd7
30.Nb6 Qe8 31.Qd3 Rd8 32.Kg2 Kg8 33.b4 Qb5 34.Qxb5 axb5 35.c3 Nf5 36.Re2 Kf8
37.Kf2 c4 38.h3 h4 39.g4 Ng3 40.Re3 f5 41.g5 Ne4+ 42.Ke2 Re8 43.Kd1 Ke7 44.Ke1 Kd8
45.Kd1 Nf2+ 46.Ke2 Rxe3+ 47.Kxe3 Ne4 48.Kd4 Kc7 49.Na8+ Kd7 50.Nb6+ Kd8 51.Na8  1/2-1/2

[Event "Dortmund"]
[Site "Dortmund"]
[Date "1997.07.11"]
[Round "7"]
[White "Huebner, Robert"]
[Black "Ivanchuk, Vassily"]
[Result "0-1"]
[WhiteElo "2580"]
[BlackElo "2725"]

1.d4 Nf6 2.Nf3 c5 3.d5 g6 4.Nc3 d6 5.e4 Bg7 6.Be2 Na6 7.O-O Nc7 8.Bf4 O-O
9.a4 b6 10.Qd2 Re8 11.h3 Bb7 12.Rfe1 e6 13.Bc4 exd5 14.exd5 Qd7 15.Rxe8+ Nfxe8
16.Bh6 Bh8 17.Qd3 a6 18.Rb1 Rb8 19.b4 cxb4 20.Rxb4 Bxc3 21.Qxc3 Nxd5 22.Bxd5 Bxd5
23.Nd4 Qe7 24.Rb1 Qf6 25.Qd2 Nc7 26.Bg5 Qg7 27.c4 Be4 28.Rd1 Re8 29.Be3 Qe5
30.Ne2 Ne6 31.Qxd6 Qa5 32.Bxb6 Qxa4 33.c5 Bxg2 34.Kxg2 Qe4+ 35.Kf1 Nf4 36.Qxf4 Qxe2+
37.Kg2 Qxd1 38.Qc4 Qe2 39.Qa4 Qe4+ 40.Qxe4 Rxe4 41.c6 Rc4 42.c7 Kf8  0-1

[Event "Dortmund"]
[Site "Dortmund"]
[Date "1997.07.12"]
[Round "8"]
[White "Ivanchuk, Vassily"]
[Black "Karpov, Anatoly"]
[Result "1/2-1/2"]
[WhiteElo "2725"]
[BlackElo "2745"]

1.e4 c6 2.d4 d5 3.Nd2 dxe4 4.Nxe4 Nd7 5.Ng5 Ngf6 6.Bd3 e6 7.N1f3 Bd6 8.Qe2 h6
9.Ne4 Nxe4 10.Qxe4 c5 11.O-O Nf6 12.Qh4 Qc7 13.Re1 Bd7 14.Bg5 Be7 15.dxc5 Qxc5
16.Ne5 Bc6 17.Qh3 Rd8 18.Rad1 Ne4 19.Bxe4 Rxd1 20.Bxc6+ bxc6 21.Rxd1 Qxe5
22.Bxe7 Kxe7 23.Qa3+ Kf6 24.Qf3+ Kg6 25.h4 Rb8 26.b3 Rb7 27.c4 Rc7 28.c5 f5
29.b4 Kf6 30.Qd3 Qd5 31.Qc2 Qe4 32.Qc3+  1/2-1/2

[Event "WchT 4th"]
[Site "Luzern"]
[Date "1997.10.29"]
[Round "5"]
[White "Kortschnoj, Viktor"]
[Black "Ivanchuk, Vassily"]
[Result "1/2-1/2"]
[WhiteElo "2610"]
[BlackElo "2725"]

1.c4 Nf6 2.Nc3 d5 3.cxd5 Nxd5 4.Nf3 g6 5.e4 Nxc3 6.dxc3 Qxd1+ 7.Kxd1 Bg4
8.Be2 Nd7 9.h3 Bxf3 10.Bxf3 h5 11.Kc2 Bh6 12.Bxh6 Rxh6 13.Rad1 e6 14.h4 Ke7
15.Rd4 Rhh8 16.Rhd1 Rhd8 17.Be2 e5 18.R4d2 Nf6 19.f3  1/2-1/2

[Event "WchT 4th"]
[Site "Luzern"]
[Date "1997.11.01"]
[Round "8"]
[White "Short, Nigel D"]
[Black "Ivanchuk, Vassily"]
[Result "1/2-1/2"]
[WhiteElo "2660"]
[BlackElo "2725"]

1.e4 c6 2.d4 d5 3.Nc3 dxe4 4.Nxe4 Bf5 5.Ng3 Bg6 6.h4 h6 7.Nf3 Nd7 8.h5 Bh7
9.Bd3 Bxd3 10.Qxd3 Ngf6 11.Bd2 e6 12.O-O-O Be7 13.Ne4 Nxe4 14.Qxe4 Nf6 15.Qe2 Qd5
16.c4  1/2-1/2

[Event "Investbanka"]
[Site "Belgrade"]
[Date "1997.??.??"]
[Round "7"]
[White "Gelfand, Boris"]
[Black "Ivanchuk, Vassily"]
[Result "1/2-1/2"]
[WhiteElo "2695"]
[BlackElo "2725"]

1.d4 d6 2.Nf3 Bg4 3.c4 Bxf3 4.exf3 c6 5.Nc3 Nd7 6.Be2 g6 7.O-O Bg7 8.Be3 Ngf6
9.d5 O-O 10.Qb3 Qb8 11.Rfd1 Rc8 12.Rac1 a6 13.Rd2 cxd5 14.Nxd5 Nxd5 15.Rxd5 Rc6
16.f4 Qc7 17.Rdd1 a5 18.Bf3 Nc5 19.Qc2 Rb6 20.Rb1 a4 21.h4 e6 22.h5 Qe7 23.Rd2 Kf8
24.Qd1 Ke8 25.g3 Raa6 26.Kg2 Rb4 27.hxg6 hxg6 28.Qh1 Qf8 29.Qd1 Qe7 30.Qh1 Kf8
31.Rbd1 Rxb2 32.Rxd6 Rxd6 33.Bxc5 Rbb6 34.Qh7 a3 35.Bxa3 Ra6 36.Bb4 Rab6
37.Bc5 Qc7 38.Ba3 Ra6 39.Bb4 Bf6 40.f5 gxf5 41.Bh5 Bg7 42.a4 Rb6 43.Ba3 Rc6
44.Bf3 Rc5 45.Rxd6 Qxd6 46.Bxb7 f4 47.Qh4 Ke8 48.Bxc5 Qxc5 49.Qxf4 Be5 50.Qe4 Ke7
51.Ba6 Bc7 52.Bb5 Bb6 53.Qe1 Qd4 54.a5 Bc5 55.Qe2 Kd6 56.Qf3 f5 57.a6 Ke5
58.Qe2+ Kf6 59.Bc6 e5 60.Bd5 e4 61.g4 e3 62.fxe3 Qxe3 63.Qxe3  1/2-1/2

[Event "Dortmund"]
[Site "Dortmund"]
[Date "1997.??.??"]
[Round "2"]
[White "Ivanchuk, Vassily"]
[Black "Gelfand, Boris"]
[Result "1-0"]
[WhiteElo "2725"]
[BlackElo "2695"]

1.d4 Nf6 2.c4 e6 3.Nf3 d5 4.Nc3 Be7 5.Bg5 h6 6.Bh4 O-O 7.Rc1 dxc4 8.e3 c5
9.Bxc4 cxd4 10.Nxd4 Bd7 11.Bg3 a6 12.e4 Nc6 13.Nb3 b5 14.Bd3 b4 15.Na4 Ne5
16.Bxe5 Bxa4 17.Qe2 Qb6 18.Bd4 Qb8 19.e5 Nd5 20.Qe4 g6 21.h4 Rc8 22.Kd2 Bb5
23.Bb1 Rxc1 24.Rxc1 Qd8 25.g3 Bf8 26.Ke1 h5 27.Bc5 Rc8 28.Bxf8 Rxc1+ 29.Nxc1 Qxf8
30.Qd4 Qb8 31.Nb3 Qc7 32.f4 a5 33.Qc5 Qxc5 34.Nxc5 Ne3 35.Be4 Kf8 36.Bf3 Ke7
37.Kf2 Nf5 38.Be4 Nd4 39.Nb7 a4 40.Nd6 Ba6 41.a3 bxa3 42.bxa3 f6 43.Ke3 Ne2
44.Bxg6 Nxg3 45.Ne4 Nf1+ 46.Kf2 f5 47.Nc5 Bc4 48.Nxa4 Nd2 49.Nc5  1-0

[Event "WchT 4th"]
[Site "Luzern"]
[Date "1997.??.??"]
[Round "6"]
[White "Ivanchuk, Vassily"]
[Black "Svidler, Peter"]
[Result "1/2-1/2"]
[WhiteElo "2725"]
[BlackElo "2660"]

1.e4 g6 2.d4 Bg7 3.Be3 d6 4.Qd2 a6 5.f3 Nf6 6.Nc3 Nbd7 7.O-O-O b5 8.Kb1 Bb7
9.Nh3 c5 10.dxc5 dxc5 11.g4 h6 12.Nf4 e6 13.h4 Qc7 14.Qh2 Ne5 15.Nd3 Nfd7
16.Bf4 O-O-O 17.Be2 c4 18.Nxe5 Nxe5 19.a3 Qc5  1/2-1/2

[Event "Amber-rapid 6th"]
[Site "Monte Carlo"]
[Date "1997.??.??"]
[Round "2"]
[White "Anand, Viswanathan"]
[Black "Ivanchuk, Vassily"]
[Result "1-0"]
[WhiteElo "2765"]
[BlackElo "2740"]

1.e4 c5 2.Nf3 e6 3.d4 cxd4 4.Nxd4 a6 5.Bd3 Nf6 6.O-O d6 7.c4 b6 8.Nc3 Bb7
9.Qe2 Be7 10.b3 O-O 11.Bb2 Nc6 12.Nxc6 Bxc6 13.Rad1 Qc7 14.Bb1 Rab8 15.a4 Rfe8
16.Kh1 Nd7 17.Rd3 Bf6 18.Rh3 g6 19.Qd2 Qb7 20.Qxd6 Rbd8 21.Qf4 Bg7 22.Nb5 axb5
23.Bxg7 Kxg7 24.Qh6+ Kg8 25.Qxh7+ Kf8 26.Qh8+ Ke7 27.Qh4+ g5 28.Qxg5+ f6
29.Rh7+ Kd6 30.Qd2+ Kc7 31.cxb5  1-0